000 00407nam a2200145Ia 4500
008 220104s9999 xx 000 0 und d
100 _aIndraty I S
245 4 _aThe influence of position in rubber seed germination on the germination vigour and seedling growth
650 _aGermination
650 _aGrowth
650 _aPlant production
650 _aRubber seed
700 _aSutardi
942 _cBE
999 _c47541
_d47541